[Event "35th European Club Cup 2019"]
[Site "Ulcinj"]
[Date "2019.11.11"]
[Round "2.4"]
[White "Yuffa, Daniil"]
[Black "Zlatin, Alexander"]
[Result "1-0"]
[WhiteElo "2578"]
[BlackElo "2296"]
[Annotator "TA"]
[PlyCount "70"]
[EventDate "2019.11.10"]
[EventType "team-tourn"]
[EventCountry "MNE"]
[SourceTitle "playchess.com"]
[Source "ChessBase"]
[SourceQuality "1"]
[WhiteTeam "Molodezka"]
[BlackTeam "Rehovot"]

{[%evp 20,70,39,27,66,62,64,70,74,68,69,66,96,62,58,68,94,62,86,70,93,100,114,110,201,212,271,218,465,465,418,443,550,549,767,748,741,750,736,712,650,539,1241,1176,3069,2801,29993,29994,29994,29995,29995,29996,29999]} 1. d4 Nf6 2. c4 g6 3. Nc3 Bg7 4. e4 d6 5. Nf3 O-O 6. Be2 e5 7. O-O Nc6 8. d5 Ne7 9. b4 a5 10. bxa5 Rxa5 11. a4 c5 {E97: King's Indian: Classical Main Line (6...e5 7 0-0 Nc6): 8 Be3 and 8 d5 Ne7, not 9 Ne1} (11... Nh5 12. Re1 f5 13. Ra3 Nf6 14. Bf1 h6 15. Bd2 c5 16. exf5 Nxf5 17. Nb5 Ra6 18. h3 e4 19. Nh2 {1-0 (55) Yuffa,D (2571)-Salem,A (2668) Abu Dhabi 2019}) 12. Ra3 Ra6 13. Bd2 h6 $146 {White is slightly better.} ({Predecessor:} 13... Kh8 14. Qb1 Neg8 15. Ne1 Nd7 16. Nd3 f5 17. f4 Qe7 18. fxe5 Nxe5 19. Nf4 fxe4 20. Nxe4 Ra8 21. Ng3 Nh6 22. h3 Nf5 23. Nxf5 Bxf5 24. Qc1 b6 25. a5 {½-½ (25) Werle,J (2555)-Neef,M (2443) Germany 2017}) 14. Nh4 g5 15. Nf3 Ng6 16. Bd3 Nf4 17. Bc2 N6h5 18. Nb5 Nf6 19. Ne1 Ne8 20. g3 Ng6 21. Ng2 Ne7 (21... Bh3 $16) 22. f4 $18 exf4 23. gxf4 g4 $2 (23... Ng6 24. Rg3 Qe7) 24. f5 Nf6 25. h3 h5 26. hxg4 Nxg4 27. Rh3 Ng6 28. Rxh5 {[%cal Bh3h5,Bh5g5,Bg5g3][%mdl 32]} N6e5 29. Rg5 Nf6 30. Rg3 Ne8 31. Qh5 Nxc4 {[#]} 32. f6 $1 {[%mdl 512] Intending e5 and mate.} Nxf6 {[#]} 33. Rxg7+ $1 {[%mdl 512] White mates.} Kxg7 34. Qg5+ Kh8 35. Rxf6 {[%cal Rf6h6]} Ra8 {Accuracy: White = 85%, Black = 25%.} 1-0

[Event "35th European Club Cup 2019"]
[Site "Ulcinj"]
[Date "2019.11.11"]
[Round "2.4"]
[White "Csonka, Attila Istvan"]
[Black "Popov, Ivan"]
[Result "0-1"]
[WhiteElo "2348"]
[BlackElo "2625"]
[Annotator "TA"]
[PlyCount "88"]
[EventDate "2019.11.10"]
[EventType "team-tourn"]
[EventCountry "MNE"]
[SourceTitle "playchess.com"]
[Source "ChessBase"]
[SourceQuality "1"]
[WhiteTeam "Dunajska Streda"]
[BlackTeam "Moscow Chess Team"]

{[%evp 15,88,22,20,25,21,28,37,44,36,37,35,36,31,0,0,0,19,0,0,0,45,51,76,14,32,23,25,25,35,10,14,12,21,9,12,0,0,-14,0,0,0,0,0,0,0,0,0,0,0,0,0,0,0,0,0,0,0,-59,-54,-1270,0,0,0,-1260,-1248,-1177,-1218,-12827,-12827,-12825,-7120,-12834,-12831,-12202,-2596]} 1. e4 c5 2. Nf3 Nc6 3. d4 cxd4 4. Nxd4 Nf6 5. Nc3 d6 6. Bc4 e6 7. Be3 a6 8. Bb3 Be7 9. Rg1 {B88: Sicilian: Sozin Attack} (9. f4 Qc7 10. O-O Na5 11. g4 h5 12. g5 Ng4 13. Bc1 b5 14. h3 b4 15. Na4 Bb7 16. hxg4 Nxb3 17. cxb3 hxg4 18. Qe2 Rh3 {0-1 (27) Rublevsky,S (2681)-Dubov,D (2660) Khanty-Mansiysk 2016}) 9... Na5 10. g4 Nxb3 11. axb3 {White is slightly better.} d5 12. e5 Nd7 13. f4 Qc7 $146 ({Predecessor:} 13... g6 14. Qe2 Nb8 15. O-O-O Bd7 {1-0 (27) De Vreugt,D (2437)-Blokhuis,J (2321) Leeuwarden 2001}) 14. Ndb5 Qb8 15. Nd4 Qc7 16. Ndb5 Qb8 17. Nd4 Nc5 18. Qf3 Bd7 19. b4 (19. O-O-O $1 $16) 19... Ne4 $1 $11 20. Nxe4 dxe4 21. Qxe4 Bxb4+ 22. c3 Be7 23. f5 Qc7 24. O-O-O O-O-O $1 25. Rgf1 Qc4 26. Rf4 {White wants to play f6.} Bg5 27. fxe6 ({Avoid the trap} 27. Nxe6 $2 Qxe4 28. Rxe4 Bxe3+ 29. Rxe3 fxe6 $19) 27... Bxe6 28. Nxe6 Rxd1+ 29. Kxd1 Qxe6 30. Qc4+ Kb8 {Strongly threatening ...Qxc4.} 31. Qxe6 fxe6 32. Rf3 Bxe3 33. Rxe3 {[%mdl 4096] Endgame KR-KR} Rf8 34. Ke2 Rf4 35. h3 Kc7 36. Rd3 (36. Kd2 $11) 36... Re4+ $15 37. Re3 $2 {[%mdl 8192] [#]} (37. Kd2 $15) 37... Rf4 $2 (37... Rxe3+ $1 $19 38. Kxe3 Kc6) 38. Rd3 $11 Re4+ $2 {[%mdl 8192]} (38... b6 $11) 39. Re3 $1 $19 {[%cal Re3e4] [#]} Rxe3+ $1 {Black is clearly winning.} 40. Kxe3 Kc6 41. Kd4 g5 42. Kc4 a5 43. b3 b6 44. Kd4 Kb5 {Accuracy: White = 46%, Black = 82%.} (44... b5 $142 45. c4 bxc4 46. Kxc4 Kb6) 0-1

[Event "35th European Club Cup 2019"]
[Site "Ulcinj"]
[Date "2019.11.11"]
[Round "2.5"]
[White "Kobalia, Mikhail"]
[Black "Meszaros, Michal"]
[Result "1/2-1/2"]
[WhiteElo "2608"]
[BlackElo "2355"]
[Annotator "TA"]
[PlyCount "80"]
[EventDate "2019.11.10"]
[EventType "team-tourn"]
[EventCountry "MNE"]
[SourceTitle "playchess.com"]
[Source "ChessBase"]
[SourceQuality "1"]
[WhiteTeam "Moscow Chess Team"]
[BlackTeam "Dunajska Streda"]

{[%evp 19,80,0,0,0,8,12,14,1,2,1,18,15,37,0,91,98,91,88,88,95,93,80,114,96,105,93,85,32,54,16,46,0,0,0,0,-116,-114,-138,-144,-137,0,-256,0,-81,-85,-160,-169,-153,-153,-198,-187,-183,0,-151,0,0,0,-42,-38,-115,0,-16,0]} 1. e4 c5 2. Nf3 d6 3. Bb5+ Bd7 4. Bxd7+ Qxd7 5. O-O Nc6 6. c3 Nf6 7. d4 Nxe4 8. d5 Ne5 9. Re1 Nxf3+ 10. Qxf3 Nf6 11. Na3 {B52: Sicilian: Moscow Variation with 3...Bd7} e5 12. dxe6 $1 fxe6 13. Bg5 Be7 14. Rad1 O-O 15. Qh3 h6 {[#]} 16. Bh4 $146 ({Predecessor:} 16. Qxe6+ Qxe6 17. Rxe6 Rfe8 18. Bxf6 Bxf6 19. Rexd6 {1-0 (48) Glek,I (2590)-Roeder,M (2485) Porto San Giorgio 2002}) 16... Nd5 (16... Rad8 $11) 17. Bxe7 $16 Nxe7 18. Qxe6+ ({Of course not} 18. Rxe6 Nf5 $11) 18... Qxe6 19. Rxe6 Nf5 20. Nb5 Kf7 21. Re4 Rad8 22. g4 Nh4 23. Nxd6+ ({Reject} 23. Rxd6 $6 a6 $11) (23. Rd5 $16) 23... Kg8 $14 24. Kf1 Rd7 25. Ke2 Rfd8 26. Re6 {And now f4 would win.} Kh7 {next ...Ng6 is good for Black.} 27. Ke3 (27. Rd2 $1 $11) 27... Ng6 $1 $17 {[%mdl 1024] Black has strong compensation.} 28. Ke4 Nf8 29. Ke5 Ng6+ ({Black should try} 29... Rc7 $17 30. f4 Nxe6 31. Kxe6 Rdd7) 30. Kf5 $2 {[%mdl 8192]} (30. Ke4 $11) 30... Nf8 $2 (30... Rf8+ $19 31. Ke4 Rxf2 {[%mdl 64] Double Attack}) 31. f4 (31. Ke5 $1 $11 {keeps the balance.}) 31... Kg8 $1 32. h4 (32. Rd5 $142) 32... Nxe6 33. Kxe6 {[%mdl 4096] Endgame KRR-KRN} Kf8 34. Rd2 Re7+ 35. Kd5 Red7 $2 (35... Re1 $19 {Hoping for ...h5!} 36. Kxc5 Re6) 36. Kxc5 $2 {[#]} ({Only move:} 36. Ke6 $1 $11) 36... Rc7+ $2 ({Black should play} 36... Rc8+ $1 $17 {[%mdl 512]} 37. Nxc8 Rxd2 38. Nxa7 Rxb2) 37. Kd5 $11 Rcd7 38. Ke6 Re7+ 39. Kd5 {[#]} (39. Kf5 $1 $15) 39... Red7 ({Better is} 39... Ree8 $1 $17 {Strongly threatening ...Rxd6+!} 40. Rd4 Re2) 40. Ke6 Re7+ {Accuracy: White = 23%, Black = 43%.} 1/2-1/2

[Event "35th European Club Cup 2019"]
[Site "Ulcinj"]
[Date "2019.11.11"]
[Round "2.5"]
[White "Sakalauskas, Vaidas"]
[Black "Romanov, Evgeny"]
[Result "0-1"]
[WhiteElo "2319"]
[BlackElo "2597"]
[Annotator "TA"]
[PlyCount "18"]
[EventDate "2019.11.10"]
[EventType "team-tourn"]
[EventCountry "MNE"]
[SourceTitle "playchess.com"]
[Source "ChessBase"]
[SourceQuality "1"]
[WhiteTeam "MRU-ROSK Consulting"]
[BlackTeam "Valerenga"]

{[%evp 11,18,20,32,29,36,-4,0,-7,-6]} 1. d4 Nf6 2. c4 e6 3. Nc3 Bb4 4. Qc2 d6 5. Bg5 Nbd7 6. e3 c5 7. dxc5 {E32: Nimzo-Indian: Classical (4 Qc2): 4...0-0} Nxc5 8. a3 $146 ({Predecessor:} 8. Nge2 Bd7 9. Rb1 Ba4 10. b3 Bc6 11. f3 a5 12. Rc1 h6 13. Bh4 e5 14. Bxf6 Qxf6 {0-1 (117) Kiriakov,P (2541)-Lysyj,I (2578) Krasnoyarsk 2007}) 8... Bxc3+ 9. Qxc3 e5 {[%mdl 32768] Loss on time!?} 0-1

[Event "35th European Club Cup 2019"]
[Site "Ulcinj"]
[Date "2019.11.11"]
[Round "2.5"]
[White "Gorodetzky, Matan"]
[Black "Antipov, Mikhail Al."]
[Result "0-1"]
[WhiteElo "2273"]
[BlackElo "2558"]
[Annotator "TA"]
[PlyCount "52"]
[EventDate "2019.11.10"]
[EventType "team-tourn"]
[EventCountry "MNE"]
[SourceTitle "playchess.com"]
[Source "ChessBase"]
[SourceQuality "1"]
[WhiteTeam "Rehovot"]
[BlackTeam "Molodezka"]

{[%evp 9,52,12,16,15,18,11,6,-2,39,13,10,13,19,0,6,0,29,26,24,12,9,0,27,0,33,50,48,27,33,33,39,29,42,31,34,39,41,37,37,29,30,0,0,-1197,-1179]} 1. e4 e5 2. Nf3 Nc6 3. Bc4 Bc5 4. c3 Nf6 5. d3 d6 6. a4 {And now b4 would win. C54: Giuoco Piano: 4 c3 Nf6, main lines with 5 d4 and 5 d3} (6. Bg5 h6 7. Bh4 a6 8. a4 Ba7 9. Nbd2 Qe7 10. O-O g5 11. Bg3 Nd7 12. b4 Nf8 13. b5 Nd8 14. d4 Ng6 15. h3 h5 {1-0 (41) Dominguez Perez,L (2763)-Grischuk,A (2759) Khanty-Mansiysk 2019}) 6... a5 7. Na3 O-O 8. O-O {The position is equal.} Ba7 9. h3 h6 10. Re1 Ne7 $146 ({Predecessor:} 10... Be6 11. Qb3 Qd7 12. Nb5 Bb6 13. Be3 Bxe3 14. Rxe3 {½-½ (33) Haria,R (2442)-Ozen,B (2326) Manavgat 2018}) 11. Ba2 c6 12. d4 Qc7 13. Be3 Ng6 14. dxe5 dxe5 15. Qc1 Nh5 16. Nc4 Nhf4 {Threatening ...Nd3.} 17. Bxa7 Rxa7 18. Qe3 Ra6 19. Nfxe5 Nxh3+ 20. gxh3 Nxe5 21. Qg3 Re8 22. Rad1 {[#] Black must now prevent Nd6.} c5 {Threatens to win with ...Rg6.} 23. Nxe5 Rxe5 24. Rd5 Rae6 {[%cal Ba6e6,Be6e5,Be5g5][%mdl 32]} 25. Rxe5 Rxe5 26. f4 $2 {[%mdl 8192] [#]} (26. h4 $11) 26... Rg5 $1 {[%mdl 576] Pin. Accuracy: White = 51%, Black = 57%.} 0-1

[Event "35th European Club Cup 2019"]
[Site "Ulcinj"]
[Date "2019.11.11"]
[Round "2.6"]
[White "Kryakvin, Dmitry"]
[Black "Mikhalevski, Alexander"]
[Result "1/2-1/2"]
[WhiteElo "2605"]
[BlackElo "2425"]
[Annotator "TA"]
[PlyCount "85"]
[EventDate "2019.11.10"]
[EventType "team-tourn"]
[EventCountry "MNE"]
[SourceTitle "playchess.com"]
[Source "ChessBase"]
[SourceQuality "1"]
[WhiteTeam "Molodezka"]
[BlackTeam "Rehovot"]

{[%evp 9,85,-3,5,-14,-7,-2,0,0,4,-9,-8,-20,-16,-10,-17,-16,-15,-10,-5,-4,-9,-8,0,-8,0,0,24,-18,47,6,16,4,8,6,5,0,0,0,0,0,0,0,0,-8,-7,-7,0,-6,0,0,0,0,0,0,0,0,0,0,0,0,0,0,0,0,0,0,0,0,0,0,0,0,0,0,0,0,0,0]} 1. d4 d5 2. Nf3 Nf6 3. Bf4 e6 4. e3 c5 5. c3 Bd6 6. Bg3 {D02: 1 d4 d5 2 Nf3 sidelines, including 2...Nf6 3 g3 and 2...Nf6 3 Bf4} Qc7 (6... Nc6 7. Nbd2 O-O 8. Bb5 cxd4 9. exd4 Ne7 10. Bd3 Ng6 11. O-O Bxg3 12. fxg3 b5 13. Qe2 Qb6 14. Ng5 b4 15. Ndf3 h6 {½-½ (34) Naroditsky,D (2616)-Mamedyarov,S (2817) chess.com INT 2019}) 7. Nbd2 Nbd7 8. c4 b6 9. Rc1 O-O 10. Be2 Bb7 11. O-O Bxg3 12. hxg3 Rac8 $146 ({Predecessor:} 12... dxc4 13. Bxc4 Rad8 {½-½ (78) Shahinyan,D (2452)-Mikaelyan,A (2454) Yerevan 2019}) 13. cxd5 exd5 14. dxc5 bxc5 15. Qa4 Qb6 16. Rc2 a5 17. Rfc1 Qb4 18. Qb3 (18. Bb5 $5 {[%cal Rb5d7]} Qxa4 19. Bxa4 $11) 18... c4 (18... Bc6 $11) 19. Qc3 Nc5 {The position is equal.} 20. b3 {[%cal Rb3c4]} Qxc3 21. Rxc3 Nfe4 22. Nxe4 Nxe4 23. R3c2 {[%cal Rb3c4]} cxb3 $1 24. axb3 Rxc2 25. Rxc2 Rc8 26. Bd3 (26. Rxc8+ {is interesting.} Bxc8 27. Nd4 Nc3 28. Bd3 Bd7 29. Kf1) 26... Rxc2 27. Bxc2 $11 {[%mdl 4096] Endgame KBN-KBN} Kf8 28. Nd4 Ke7 29. g4 g6 30. Kf1 Kd6 31. Ke1 Kc5 32. f3 Nd6 33. Bd3 h6 34. Kd2 Bc8 35. Kc3 Bd7 36. Kb2 Kb4 37. Nc2+ Kc5 38. Kc3 Bb5 39. Ne1 Bd7 40. Nc2 Bb5 41. Ne1 Bd7 42. Be2 Bb5 43. Bd3 {Accuracy: White = 62%, Black = 67%.} 1/2-1/2

[Event "35th European Club Cup 2019"]
[Site "Ulcinj"]
[Date "2019.11.11"]
[Round "2.6"]
[White "Kaasen, Tor Fredrik"]
[Black "Setkauskas, Vaidas"]
[Result "0-1"]
[WhiteElo "2405"]
[BlackElo "2195"]
[Annotator "TA"]
[PlyCount "39"]
[EventDate "2019.11.10"]
[EventType "team-tourn"]
[EventCountry "MNE"]
[SourceTitle "playchess.com"]
[Source "ChessBase"]
[SourceQuality "1"]
[WhiteTeam "Valerenga"]
[BlackTeam "MRU-ROSK Consulting"]

{[%evp 20,21,34,31]} 1. e4 c5 2. Nf3 g6 3. d4 cxd4 4. Nxd4 Nc6 5. c4 Nf6 6. Nc3 d6 7. Be2 Nxd4 8. Qxd4 Bg7 9. Bg5 O-O 10. Qd2 Be6 11. Rc1 {[%mdl 32768] Loss on time!?} {Predecessor:} a6 $146 12. f3 b5 13. cxb5 axb5 14. a3 d5 15. e5 Nd7 16. Nxd5 Bxd5 17. Qxd5 Nxe5 18. Qxd8 Rfxd8 19. Bxb5 Rd5 20. Be2 {½-½ (82) Bu,X (2730)-McShane,L (2640) Riadh 2017} 0-1

[Event "35th European Club Cup 2019"]
[Site "Ulcinj"]
[Date "2019.11.11"]
[Round "2.6"]
[White "Takacs, Laszlo"]
[Black "Murzin, Volodar"]
[Result "0-1"]
[WhiteElo "2239"]
[BlackElo "2429"]
[Annotator "TA"]
[PlyCount "88"]
[EventDate "2019.11.10"]
[EventType "team-tourn"]
[EventCountry "MNE"]
[SourceTitle "playchess.com"]
[Source "ChessBase"]
[SourceQuality "1"]
[WhiteTeam "Dunajska Streda"]
[BlackTeam "Moscow Chess Team"]

{[%evp 9,88,-28,-25,-62,0,0,0,-62,100,90,168,147,325,320,320,246,246,57,71,52,45,47,47,40,61,0,0,0,0,0,0,0,50,-80,-80,-82,-76,-76,-65,-72,-62,-62,-72,-65,-63,-71,-50,-116,-118,-105,-105,-98,-81,-88,-91,-87,-34,-33,-58,-64,-29,-423,-407,-468,-483,-468,-424,-474,-469,-551,-479,-431,-189,-456,-385,-1342,-1287,-1100,-965,-1726,-1621]} 1. e4 c6 2. d4 d5 3. e5 Bf5 4. h4 h5 5. Bg5 (5. c4 e6 6. Nc3 Bb4 7. cxd5 cxd5 8. Bg5 Ne7 9. Bd3 Bxc3+ 10. bxc3 Qc7 11. Ne2 Nd7 12. Bxf5 Nxf5 13. O-O f6 14. exf6 gxf6 {½-½ (40) Sjugirov,S (2661)-Riazantsev,A (2653) Sochi 2019}) 5... Qb6 6. Bd3 {B12: Caro-Kann: Advance Variation} Bxd3 (6... Qxd4 $15 7. Nf3 Qg4) 7. Qxd3 $11 Qxb2 (7... e6 $11 8. Nc3 c5) 8. e6 $15 {The position is equal.} Qxa1 $2 (8... f6 $1 $15 9. Qc3 Qxc3+ 10. Nxc3 fxg5 11. hxg5 Na6) 9. Qb3 $1 $16 {[%cal Rb3b7]} Qxd4 (9... fxe6 $16 10. Nf3 Nd7) 10. Be3 Qc4 $2 (10... Qa1 11. Qxb7 fxe6 12. Nf3 $16) (10... Qf6 $16 {was called for.} 11. Qxb7 Qxe6) 11. Qxb7 $18 {[%cal Rb7c8]} Kd8 $146 {White must now prevent ...Qb5.} ({Predecessor:} 11... fxe6 12. Qxa8 Qb4+ 13. Nd2 Kf7 14. Ngf3 Nd7 15. Ng5+ Kf6 16. Qe8 {1-0 (16) Balogh,P (2086)-Mackovic,M (1918) Stara Lubovna 2014}) 12. Qxa8 {[%cal Ra8b8]} Kc8 {[#]} 13. Qxa7 $2 (13. Nf3 $1 $18) 13... Qa6 $1 $14 14. Nf3 ({Don't play} 14. exf7 $6 Qxa7 15. Bxa7 Nh6 $11) 14... fxe6 15. Qxa6+ $1 Nxa6 16. Ne5 {aiming for Ng6.} Nf6 17. Nxc6 (17. Nd2 $14) 17... Ng4 $1 $11 18. Bd4 Kd7 19. Ne5+ Nxe5 20. Bxe5 Nb4 21. Kd2 (21. Nd2 $1 $14 {keeps the upper hand.}) 21... Nc6 $17 22. Bb2 e5 23. Rh3 e6 24. Rg3 Rg8 25. Ba3 g6 26. Bxf8 Rxf8 {[%mdl 4096] Endgame KRN-KRN} 27. Ke1 Ne7 28. Rb3 ({Better is} 28. Ra3 $15) 28... Nf5 29. g3 Nd4 30. Rb2 Nf3+ 31. Ke2 e4 32. c4 d4 ({Much weaker is} 32... dxc4 $6 33. Nc3 $11) (32... Kd6 $17 33. cxd5 exd5) 33. Nd2 $1 $15 {[%cal Rd2e4]} Nxd2 34. Rxd2 {KR-KR} e5 35. Rb2 $2 {[%mdl 8192] [#]} (35. a4 $11 {and White is okay.}) 35... Ra8 $1 $19 36. f3 exf3+ 37. Kxf3 Ra3+ 38. Ke4 Kd6 {[%csl Gd4][%cal Ra3e3]} 39. c5+ Kxc5 {[%csl Gd4][%cal Ra3e3]} 40. Kxe5 Rxg3 (40... Kc4 $142 41. Kf4 Kd3) 41. Rc2+ $2 (41. a4 {was the only defense.}) 41... Rc3 42. Rg2 $2 (42. Rd2 Re3+ 43. Kf6) 42... Re3+ {Black is clearly winning.} 43. Kf6 d3 44. Kxg6 Re5 {Accuracy: White = 42%, Black = 57%.} 0-1

[Event "35th European Club Cup 2019"]
[Site "Ulcinj"]
[Date "2019.11.11"]
[Round "2.7"]
[White "Efimenko, Zahar"]
[Black "Henderson De La Fuente, Lance"]
[Result "1/2-1/2"]
[WhiteElo "2601"]
[BlackElo "2497"]
[Annotator "TA"]
[PlyCount "105"]
[EventDate "2019.11.10"]
[EventType "team-tourn"]
[EventCountry "MNE"]
[SourceTitle "playchess.com"]
[Source "ChessBase"]
[SourceQuality "1"]
[WhiteTeam "Beer Sheva"]
[BlackTeam "Mulhouse"]

{[%evp 9,105,15,21,18,13,5,8,6,8,13,0,0,-4,-14,17,17,29,15,35,35,44,56,63,71,48,46,102,101,92,88,97,97,97,92,129,70,98,75,76,62,87,0,71,77,75,75,69,66,68,62,71,64,71,70,70,70,202,71,79,81,142,135,139,142,123,82,219,227,229,203,212,177,179,162,159,160,176,167,186,205,183,175,168,141,156,130,131,116,106,80,80,78,78,67,93,83,89,67]} 1. e4 e5 2. Nf3 Nc6 3. Bb5 Nf6 4. d3 Bc5 5. Nbd2 (5. c3 O-O 6. O-O d6 7. Nbd2 a6 8. Ba4 Ba7 9. h3 Ne7 10. d4 Ng6 11. Bc2 Re8 12. Re1 Bd7 13. Nf1 c5 14. dxc5 dxc5 15. Bg5 Be6 16. Ne3 c4 17. Qe2 Bxe3 18. Bxe3 h6 19. Nd2 b5 20. a4 {1-0 (54) Dominguez Perez,L (2763)-Wang,H (2726) Khanty-Mansiysk 2019}) 5... d6 6. c3 {C65: Ruy Lopez: Berlin Defence (3...Nf6), unusual lines and 4 0-0 Bc5} O-O 7. h3 Ne7 8. d4 {The position is equal.} exd4 9. cxd4 Bb6 10. Bd3 Nc6 $146 ({Predecessor:} 10... Ng6 11. O-O c6 12. Re1 Bc7 13. Nf1 Nh5 14. N1h2 Nhf4 {1-0 (28) Lakos,N (2342)-Skibbe,D (2094) Halle 2005}) 11. d5 $1 {[%cal Rd5c6]} Ne7 12. Nc4 Bc5 13. O-O Ng6 14. Bd2 a6 15. Re1 Nh5 16. b4 $36 {[%mdl 2048] White is on the roll.} Ba7 17. Bg5 f6 (17... Qd7 $14) 18. Be3 $16 Nhf4 19. Bxa7 Rxa7 20. Bf1 Ne5 21. Rc1 Ra8 22. Rc3 ({Better is} 22. Nd4 $16) 22... Nfg6 23. Qc2 Nxf3+ 24. Rxf3 f5 25. e5 (25. exf5 $16 Nh4 26. Rfe3) 25... dxe5 (25... b5 $11 {remains equal.} 26. Na5 dxe5) 26. Nxe5 Nxe5 27. Rxe5 Qd6 28. Qc3 Bd7 29. Rg3 {Threatening mate with Rxg7+!} Rf7 30. f4 Qb6+ 31. Kh2 Kf8 32. Bd3 Rc8 {[#]} (32... Qd6 $14) 33. Bc4 (33. Bxf5 $1 $18 {[%mdl 512]} Bxf5 {[#]} 34. Rxf5 $1 {[%mdl 512]}) 33... Qd6 34. a3 c5 (34... Kg8 $142) 35. dxc6 $1 {[%mdl 64] Discovered Attack} Rxc6 {Threatens to win with ...b5.} 36. Qb3 Re7 37. Bg8 Qf6 (37... Qd4 $16 {was called for.}) 38. Bxh7 $18 {[%csl Gh7][%cal Rb3g8]} Qf7 39. Qxf7+ Rxf7 40. Rg5 Rc4 41. Bg6 {aiming for Rh5.} Rf6 42. Bxf5 Bxf5 43. Rgxf5 Rxf4 44. Rxf4 Rxf4 $16 {[%mdl 4096] Endgame KR-KR} 45. Rc5 Rf2 46. Rc8+ Kf7 47. Rc7+ Kg8 48. Rc3 Ra2 49. h4 Rb2 50. Rg3 Kh7 51. Kh3 Kh6 52. Rd3 Kh7 53. g4 {Accuracy: White = 62%, Black = 49%.} 1/2-1/2

[Event "35th European Club Cup 2019"]
[Site "Ulcinj"]
[Date "2019.11.11"]
[Round "2.7"]
[White "Goldsztejn, Gildas"]
[Black "Ivanisevic, Ivan"]
[Result "0-1"]
[WhiteElo "2426"]
[BlackElo "2598"]
[Annotator "TA"]
[PlyCount "76"]
[EventDate "2019.11.10"]
[EventType "team-tourn"]
[EventCountry "MNE"]
[SourceTitle "playchess.com"]
[Source "ChessBase"]
[SourceQuality "1"]
[WhiteTeam "Asnieres"]
[BlackTeam "Sloven Ruma"]

{[%evp 9,76,3,16,10,15,0,4,6,26,14,16,14,27,19,22,11,22,16,10,21,31,31,62,59,83,95,166,171,168,168,165,161,158,93,93,84,90,75,80,76,75,71,54,85,72,81,78,94,93,0,0,0,0,55,57,0,0,0,0,-27,0,0,0,0,0,0,0,-300,-289]} 1. e4 c5 2. Nf3 e6 3. b3 a6 4. Bb2 Nc6 5. c4 Qc7 (5... Nf6 6. e5 Ng4 7. h3 Nh6 8. g4 d6 9. Bg2 dxe5 10. Nxe5 Nxe5 11. Bxe5 f6 12. Bb2 Nf7 13. d4 cxd4 14. Qxd4 {0-1 (32) Onischuk,V (2637)-Svidler,P (2765) Riadh 2017}) 6. g3 {B40: Sicilian: 2...e6, Unusual lines} Nf6 7. e5 Ng4 {[%cal Rg4e5]} 8. Qe2 {The position is equal.} b6 9. Bg2 Bb7 10. O-O Nh6 $146 ({Predecessor:} 10... O-O-O 11. h3 Nh6 12. Na3 Nf5 13. Nc2 {0-1 (22) Zwirs,N (2399)-Annaberdiev,M (2485) Dieren 2017}) 11. Nc3 $36 {[%mdl 2048] Black is under pressure.} Nf5 12. Ne4 h5 13. Rad1 h4 14. g4 h3 15. Bh1 $1 Nh4 16. Nfg5 $1 Be7 17. f4 (17. Nxh3 $6 Nxe5 18. f4 Nc6 $11) 17... Nd4 (17... Kf8 $16) 18. Bxd4 $1 $18 cxd4 {[#]} 19. Nd6+ $1 {[%mdl 512]} Bxd6 20. exd6 Qb8 21. f5 ({Worse is} 21. Nxh3 d3 $11) (21. Be4 $142) 21... Bxh1 $16 22. fxe6 ({Much weaker is} 22. Kxh1 $6 Qb7+ 23. Qe4 Qxe4+ 24. Nxe4 exf5 $11) 22... fxe6 {[#] White must now prevent ...Qb7.} 23. Nxe6 {Threatening mate with Nc5+.} Qxd6 24. Ng5+ Qe7 25. Rde1 {[%csl Ge1][%cal Re2e7]} Qxe2 26. Rxe2+ Kd8 27. Kxh1 {Hoping for Nf7+.} Kc7 28. Nxh3 Rae8 29. Rfe1 Ref8 30. Ng5 d3 31. Re3 $1 {[%cal Re3d3]} Rf2 $1 {[%cal Rf2d2]} 32. Rd1 (32. Rxd3 $14 Re8 33. Rd1) 32... Rhf8 $11 {( -> ...Rf1+)} 33. h3 Re2 {And now ...Rff2 would win.} 34. Kg1 {Threatening Rxe2.} Rff2 {aiming for ...Rg2+.} 35. Rxd3 Rg2+ 36. Kf1 Ref2+ 37. Ke1 Rf8 {...Rgf2 is the strong threat.} 38. Re3 $2 {[%mdl 8192]} (38. Rc3 $1 $11 {and White is okay.}) 38... Rgf2 {Accuracy: White = 77%, Black = 77%.} 0-1